| 000 | 00624nam a22001815i 4500 | ||
|---|---|---|---|
| 001 | 154382 | ||
| 003 | ES-MaACL | ||
| 005 | 20250708063328.0 | ||
| 008 | 040707s1851 fr af |||| | eng d | ||
| 040 |
_aCAM _bspa _cCAM |
||
| 100 | 1 |
_aGoldsmith, Oliver, _d1730-1774 _957689 |
|
| 245 | 1 | 4 |
_aThe Vicar of Wakefield _b: a tale / _cby Oliver Goldsmith. |
| 260 |
_aParis : _bBaudry's European Library, _c1851 ( _fprinted by Crapelet) |
||
| 300 |
_aXIV, 316, [4] p., [1] h. de lám. ; _c14 cm. |
||
| 599 | _aLa h. de lám., retrato del autor. | ||
| 852 |
_aES-MaACL _jD-3959 _z-- Enc. hol. |
||
| 999 |
_c154382 _d154382 |
||